000
00182nam a2200085Ia 4500
008
120527s9999 xx 000 0 und d
100
_a
Hood, et al
245
_a
Immunology
942
_c
BK
999
_c
27370
_d
27370